Nammalonnu/ (Record no. 30391)
[ view plain ]
| 000 -LEADER | |
|---|---|
| fixed length control field | 00359nam a22001571a 4500 |
| 020 ## - INTERNATIONAL STANDARD BOOK NUMBER | |
| ISBN | 9788126410279 |
| 082 ## - DEWEY DECIMAL CLASSIFICATION NUMBER | |
| Classification number | M2 |
| Item number | CHE/N |
| 100 ## - MAIN ENTRY--AUTHOR NAME | |
| Personal name | Cherukad |
| 245 ## - TITLE STATEMENT | |
| Title | Nammalonnu/ |
| Statement of responsibility, etc | by Cherukad |
| 260 ## - PUBLICATION, DISTRIBUTION, ETC. (IMPRINT) | |
| Place of publication | Kottayam: |
| Name of publisher | D C Books, |
| Year of publication | 2005. |
| 300 ## - PHYSICAL DESCRIPTION | |
| Number of Pages | 51p. |
| 650 ## - SUBJECT ADDED ENTRY--TOPICAL TERM | |
| Topical Term | Drama Malayalam |
| 650 ## - SUBJECT ADDED ENTRY--TOPICAL TERM | |
| Topical Term | Literature Malayalam |
| 650 ## - SUBJECT ADDED ENTRY--TOPICAL TERM | |
| Topical Term | Literature |
| 942 ## - ADDED ENTRY ELEMENTS (KOHA) | |
| Koha item type | Book |
| Withdrawn status | Lost status | Damaged status | Not for loan | Permanent Location | Current Location | Date acquired | Cost, normal purchase price | Full call number | Accession Number | Cost, replacement price | Price effective from | Koha item type | Shelving location |
|---|---|---|---|---|---|---|---|---|---|---|---|---|---|
| Sree Sankaracharya University of Sanskrit | Sree Sankaracharya University of Sanskrit | 08.01.2015 | 35.00 | M2 CHE/N | 052506 | 0.00 | 08.01.2015 | Book | |||||
| Sree Sankaracharya University of Sanskrit | Sree Sankaracharya University of Sanskrit | 08.01.2015 | 35.00 | M2 CHE/N | 068874 | 0.00 | 08.01.2015 | Book | |||||
| Sree Sankaracharya University of Sanskrit | Sree Sankaracharya University of Sanskrit | 22.02.2021 | M2 CHE/N | 006846 | 22.02.2021 | Book | Stacks | ||||||
| Write off | Sree Sankaracharya University of Sanskrit | Sree Sankaracharya University of Sanskrit | 13.11.2023 | M2 CHE/N | 006847 | 13.11.2023 | Book |